[Event "Volme op-C"]
[Site "Schalksmuehle"]
[Date "2006.08.27"]
[Round "5"]
[White "Bilstein, Matthias"]
[Black "Bigott, Martin"]
[Result "1-0"]
[WhiteElo "1608"]
[BlackElo "1705"]
[PlyCount "70"]
[EventDate "2006.08.25"]
[EventType "tourn"]
[EventRounds "5"]
[EventCountry "GER"]
[SourceTitle "EXT 2008"]
[Source "ChessBase"]
[SourceDate "2007.11.25"]
[SourceVersion "1"]
[SourceVersionDate "2007.11.25"]
[SourceQuality "1"]

1. f4 d6 2. Nf3 c5 3. b3 e5 4. fxe5 dxe5 5. e4 Nc6 6. Bb5 Bd7 7. Bb2 f6 8. 0-0 a6 9. Bxc6 Bxc6 10. d3 g6 11. Nbd2 Bg7 12. Nc4 Qc7 13. a4 0-0-0 14. Bc3 b6 15. Qe1 Rf8 16. b4 Ne7 17. bxc5 bxc5 18. Ba5 Qa7 19. Nb6+ Kd8 20. Qc3 Ke8 21. Qxc5 Rf7 22. Kh1 Bh6 23. Qd6 Be3 24. Nxe5 fxe5 25. Rxf7 Kxf7 26. Rf1+ Ke8 27. Nd5 Nf5 28. Qxc6+ Kf7 29. Rxf5+ gxf5 30. Qf6+ Ke8 31. Qxh8+ Kd7 32. Qd8+ Ke6 33. Qf6+ Kd7 34. Qxf5+ Kd6 35. Qf6+ Kd7 1-0

[Event "Volme op-C"]
[Site "Schalksmuehle"]
[Date "2006.08.27"]
[Round "4"]
[White "Heinrichs, Ralf"]
[Black "Bilstein, Matthias"]
[Result "1-0"]
[WhiteElo "1599"]
[BlackElo "1608"]
[PlyCount "145"]
[EventDate "2006.08.25"]
[EventType "tourn"]
[EventRounds "5"]
[EventCountry "GER"]
[SourceTitle "EXT 2008"]
[Source "ChessBase"]
[SourceDate "2007.11.25"]
[SourceVersion "1"]
[SourceVersionDate "2007.11.25"]
[SourceQuality "1"]

1. d4 c5 2. Nf3 Nf6 3. Bf4 g6 4. c3 Bg7 5. Bxb8 Rxb8 6. Qa4 Qb6 7. Qa3 cxd4 8. Nxd4 0-0 9. e3 d6 10. Be2 Bd7 11. Nd2 Qc7 12. 0-0 Rfc8 13. Bf3 Bc6 14. Rad1 Nd7 15. Bg4 Rf8 16. Rfe1 Ne5 17. Be2 b5 18. f4 Nc4 19. Nxc4 bxc4 20. Nxc6 Qxc6 21. Bf3 Qb6 22. Rd2 Rfc8 23. Qa4 Rc5 24. Bd5 Qc7 25. a3 e6 26. Bf3 Rcb5 27. Red1 d5 28. e4 Qc5+ 29. Kh1 Rxb2 30. Rxb2 Rxb2 31. exd5 exd5 32. Bxd5 Bxc3 33. Qe8+ Qf8 34. Qd7 Bd2 35. Bxc4 Bxf4 36. Rf1 Rd2 37. Qxa7 g5 38. g3 Qe8 39. Qb7 Rd7 40. Qc6 Bc7 41. Bxf7+ Qxf7 42. Rxf7 Rxf7 43. a4 Kg7 44. Qc5 h6 45. a5 Bb8 46. Kg2 Ba7 47. Qe5+ Kh7 48. g4 Kg8 49. Qe6 Kg7 50. Qe5+ Kg8 51. h4 gxh4 52. a6 Kh7 53. Qe4+ Kg7 54. Qe6 Rf2+ 55. Kh3 Bb8 56. Qe7+ Rf7 57. Qxh4 Rf6 58. Qe1 Ba7 59. Qe5 Bf2 60. Kg2 Ba7 61. Kg3 Kg6 62. Qh5+ Kg7 63. Qb5 Kg6 64. Qb7 Rf7 65. Qe4+ Kg7 66. Kh4 Rf2 67. Qe5+ Kg6 68. Qe8+ Rf7 69. Qg8+ Rg7 70. Qe6+ Kh7 71. Qf5+ Kg8 72. Qe4 Kf8 73. Qa8+ 1-0

[Event "Werther Schloss op-B 10th"]
[Site "Werther"]
[Date "2004.04.04"]
[Round "5"]
[White "Hansen, Heiko"]
[Black "Bilstein, Matthias"]
[Result "1/2-1/2"]
[WhiteElo "1564"]
[BlackElo "1662"]
[PlyCount "32"]
[EventDate "2004.04.02"]
[EventType "swiss"]
[EventRounds "5"]
[EventCountry "GER"]
[SourceTitle "EXT 2006"]
[Source "ChessBase"]
[SourceDate "2005.11.24"]
[SourceVersion "1"]
[SourceVersionDate "2005.11.24"]
[SourceQuality "1"]

1. e4 e5 2. Nf3 d5 3. Nxe5 Bd6 4. d4 dxe4 5. Nc3 Bxe5 6. dxe5 Qxd1+ 7. Kxd1 Bg4+ 8. Be2 Bxe2+ 9. Kxe2 Nc6 10. Bf4 Nd4+ 11. Kd2 0-0-0 12. Kc1 b5 13. b4 f5 14. a3 c6 15. Kb2 Ne6 16. Be3 Kb7 1/2-1/2

[Event "Werther Schloss op-B 10th"]
[Site "Werther"]
[Date "2004.04.02"]
[Round "1"]
[White "Bilstein, Matthias"]
[Black "Altenbernd, Dirk"]
[Result "0-1"]
[WhiteElo "1662"]
[BlackElo "1857"]
[PlyCount "78"]
[EventDate "2004.04.02"]
[EventType "swiss"]
[EventRounds "5"]
[EventCountry "GER"]
[SourceTitle "EXT 2006"]
[Source "ChessBase"]
[SourceDate "2005.11.24"]
[SourceVersion "1"]
[SourceVersionDate "2005.11.24"]
[SourceQuality "1"]

1. f4 g6 2. Nf3 Bg7 3. Nc3 c6 4. e3 d5 5. Be2 Nh6 6. 0-0 0-0 7. d3 f6 8. b3 Nf7 9. Bb2 e5 10. fxe5 fxe5 11. e4 d4 12. Na4 Nd7 13. Bc1 b5 14. Nb2 Nc5 15. Bd2 Ne6 16. Qc1 Bd7 17. c3 c5 18. a4 a6 19. b4 dxc3 20. Bxc3 Nd4 21. Qd1 Qb6 22. Kh1 Be6 23. Nd2 Rac8 24. axb5 axb5 25. Bxd4 cxd4 26. Rc1 Qd6 27. Rxc8 Rxc8 28. Bg4 Bxg4 29. Qxg4 Rc2 30. Nbc4 bxc4 31. Nxc4 Qf6 32. Ra1 Rf2 33. Ra8+ Bf8 34. h3 h5 35. Qg3 h4 36. Qg4 Nh6 37. Rxf8+ Kxf8 38. Qc8+ Kg7 39. Qd7+ Nf7 0-1